Handbook of computations for biological statistics of fish populations. (Record no. 16340)

000 -LEADER
fixed length control field 00470cam a2200157u 4500
040 ## - CATALOGING SOURCE
Transcribing agency CarP
082 ## - DEWEY DECIMAL CLASSIFICATION NUMBER
Classification number 597 FIS 1958 A023 Or.
100 1# - MAIN ENTRY--AUTHOR NAME
Personal name Ricker, William Edwin.
245 10 - TITLE STATEMENT
Title Handbook of computations for biological statistics of fish populations.
260 ## - PUBLICATION, DISTRIBUTION, ETC. (IMPRINT)
Place of publication Ottawa,
Name of publisher Fisheries Research Board of Canada,
Year of publication 1958.
300 ## - PHYSICAL DESCRIPTION
Number of Pages 300 p.
Other physical details illus.
Dimensions 25 cm.
650 #0 - SUBJECT ADDED ENTRY--TOPICAL TERM
Topical Term Animal populations.
650 #0 - SUBJECT ADDED ENTRY--TOPICAL TERM
Topical Term Mathematical statistics.
650 #0 - SUBJECT ADDED ENTRY--TOPICAL TERM
Topical Term Fisheries
942 ## - ADDED ENTRY ELEMENTS (KOHA)
Koha item type សៀវភៅភាសាអង់គ្លេស
952 ## - LOCATION AND ITEM INFORMATION (KOHA)
Withdrawn status [LOCAL, KOHA] 0
Holdings
Permanent Location Date acquired Koha item type Lost status Shelving location Barcode Current Location Full call number
Library Block A2018-02-07សៀវភៅភាសាអង់គ្លេស A023A25356Library Block A597 FIS 1958 A023 Or.
មជ្ឈមណ្ឌលឯការនៃសាកលវិទ្យាល័យភូមិន្ទកសិកម្មចំការដូង

Powered by Koha